Köy ve mahalle yönetimi (Kayıt no. 6462)
[ düz görünüm ]
| 000 -BAŞLIK | |
|---|---|
| Sabit Uzunlukta Kontrol Alanı | 00909na a2200265 4500 |
| 001 - KONTROL NUMARASI | |
| Denetim Alanı | 18690 |
| 003 - KONTROL NUMARASI IDENTIFIER | |
| Denetim Alanı | MIRAKIL |
| 005 - SON İŞLEM TARİHİ VE ZAMANI | |
| Denetim Alanı | 20181213155108.0 |
| 008 - SABİT-BOY VERİ ELEMANLARI - GENEL BİLGİLER | |
| Sabit Uzunlukta Kontrol Alanı | 161124b tu 000 0 |
| 035 ## - SİSTEM KONTROL NUMARASI | |
| Sistem Kontrol Numarası | 18690 |
| 040 ## - KATALOGLAMA KAYNAK | |
| Orijinal Kataloglama Ajansı | Milas |
| Kataloglama Dili | tur |
| Metne Dönüştürmek Ajansı | TR-AnCHP |
| 041 ## - DİL KODU | |
| Metin / Ses Parça Veya Ayrı Başlığın Dil Kodu | tur |
| 082 ## - DEWEY ONLU SINIFLANDIRMA NUMARASI | |
| Sınıflandırma Numarası | 352.9561 |
| Ürün Numarası | K69 1984 |
| 090 ## - SINIFLAMA NUMARASI | |
| Sınıflama Numarası | 352.9561 K69 1984 |
| 100 ## - ANA GİRİŞ - KİŞİSEL İSİM | |
| Kişisel Ad | Koyuncu, Ahmet |
| 245 ## - BAŞLIK TABLOSU | |
| Başlık | Köy ve mahalle yönetimi |
| Başlığın Kalan | Köy, muhtar ve ihtiyar meclisleri ile mahalle muhtar ve ihtiyar heyetlerinin görev, yetki ve sorumlulukları |
| Sorumluluk Tablosu, Vb | Ahmet Koyuncu |
| 246 ## - UNVAN FORM VARYING | |
| Başlık Doğru / Kısa Başlığı | Köy, muhtar ve ihtiyar meclisleri ile mahalle muhtar ve ihtiyar heyetlerinin görev, yetki ve sorumlulukları |
| 250 ## - EDITION TABLOSU | |
| Baskı Beyanı | 2. bs. |
| 260 ## - YAYIN, DAĞITIM, VB | |
| Yayın, Dağıtım, Vb Yeri | Ankara |
| Yayıncı, Dağıtıcı, Vs Adı | Olgaç Matbaası |
| Yayın, Dağıtım, Vb Tarihi | 1984 |
| 300 ## - FİZİKSEL TANIM | |
| Kapsam | 439 s. |
| Diğer Fiziksel Ayrıntıları | tbl. |
| Boyutlar | 23 sm. |
| 650 ## - KONU KATMA GİRİŞ - TOPİKAL DÖNEM | |
| Topikal Süreli Veya Coğrafi Ad Giriş Elemanı | Yerel yönetimler |
| Coğrafi Alt Bölümü | Türkiye |
| 650 ## - KONU KATMA GİRİŞ - TOPİKAL DÖNEM | |
| Topikal Süreli Veya Coğrafi Ad Giriş Elemanı | Köy yönetimi |
| Coğrafi Alt Bölümü | Türkiye |
| 650 ## - KONU KATMA GİRİŞ - TOPİKAL DÖNEM | |
| Topikal Süreli Veya Coğrafi Ad Giriş Elemanı | Mahalle yönetimi |
| Coğrafi Alt Bölümü | Türkiye |
| 942 ## - EKLENDİ GİRİŞ ELEMANLARI (KOHA) | |
| Sınıflandırma Veya Raf Düzeni Kaynak | Dewey Decimal Classification |
| Koha Öğesi Türü | Kitaplar |
| 999 ## - SİSTEM KONTROL NUMARALARI (KOHA) | |
| Koha Biblionumber | 6462 |
| Koha Biblioitemnumber | 6462 |
| Kalıcı Konum | Mevcut Konum | Edinme Tarihi | Edinim Kaynak | Toplam Check-Out'Lar | Tam Çağrı Numarası | Barkod | Tarih Son Görülme | İtibaren Geçerli Fiyatlar | Koha Öğesi Türü |
|---|---|---|---|---|---|---|---|---|---|
| CHP Kütüphanesi | CHP Kütüphanesi | 11/24/2016 | Bağış | 352.9561 K69 1984 | 009686 | 11/24/2016 | 11/24/2016 | Kitaplar |
